<?xml version="1.0" encoding="UTF-8"?>
<collection xmlns="http://www.loc.gov/MARC21/slim">
  <record>
    <leader>00000nam  2200000   4500</leader>
    <controlfield tag="001">INLIS000000000051143</controlfield>
    <controlfield tag="005">20200302082343</controlfield>
    <datafield tag="035" ind1="#" ind2="#">
      <subfield code="a">0010-0817000326</subfield>
    </datafield>
    <controlfield tag="007">ta</controlfield>
    <controlfield tag="008">200302################g##########0#ind##</controlfield>
    <datafield tag="020" ind1="#" ind2="#">
      <subfield code="a">978-979-24-0927-7</subfield>
    </datafield>
    <datafield tag="082" ind1="#" ind2="#">
      <subfield code="a">297.51</subfield>
    </datafield>
    <datafield tag="084" ind1="#" ind2="#">
      <subfield code="a">297.51 AS- s</subfield>
    </datafield>
    <datafield tag="100" ind1="1" ind2="#">
      <subfield code="a">As-Salafi, Abu Abdillah Muhammad Luqman Muhammad</subfield>
    </datafield>
    <datafield tag="245" ind1="1" ind2="#">
      <subfield code="a">Syarah adabul mufrad jilid 2 /</subfield>
      <subfield code="c">Abu Abdillah Muhammad Luqman Muhammad As-Salafi : penerjemah M. Taqdir Arsyad</subfield>
    </datafield>
    <datafield tag="250" ind1="#" ind2="#">
      <subfield code="a">Cet. 3</subfield>
    </datafield>
    <datafield tag="260" ind1="#" ind2="#">
      <subfield code="a">Jakarta :</subfield>
      <subfield code="b">Griya Ilmu,</subfield>
      <subfield code="c">2015</subfield>
    </datafield>
    <datafield tag="300" ind1="#" ind2="#">
      <subfield code="a">xx, 640 hlm. ;</subfield>
      <subfield code="c">16x24 cm.</subfield>
    </datafield>
    <datafield tag="650" ind1="#" ind2="4">
      <subfield code="a">Akhlak</subfield>
    </datafield>
    <datafield tag="700" ind1="1" ind2="#">
      <subfield code="a">Arsyad, M. Taqdir</subfield>
    </datafield>
    <datafield tag="990" ind1="#" ind2="#">
      <subfield code="a">31700688</subfield>
    </datafield>
    <datafield tag="990" ind1="#" ind2="#">
      <subfield code="a">31700688</subfield>
    </datafield>
    <datafield tag="990" ind1="#" ind2="#">
      <subfield code="a">31700688</subfield>
    </datafield>
    <datafield tag="990" ind1="#" ind2="#">
      <subfield code="a">31700688</subfield>
    </datafield>
    <datafield tag="990" ind1="#" ind2="#">
      <subfield code="a">31700688</subfield>
    </datafield>
    <datafield tag="990" ind1="#" ind2="#">
      <subfield code="a">31700688</subfield>
    </datafield>
  </record>
</collection>
